Teams in the 2023 SSE Airtricity League - Statistics

General Stats
  • This quiz has been taken 8 times
  • The average score is 8 of 10
Answer Stats
Manager Club % Correct
Ruaidhraí Higgins Derry City
100%
Liam Buckley (interim) Cork City
88%
Kevin Doherty Drogheda United
88%
Stephen Bradley Shamrock Rovers
88%
Stephen O’Donnell Dundalk
75%
Jon Daly St Patrick’s Athletic
75%
Andrew Myler UCD
75%
Declan Devine Bohemians
63%
Damien Duff Shelbourne
63%
John Russell Sligo Rovers
50%
No matching quizzes found
Score Distribution
Percent of People with Each Score
Percentile by Number Answered
Your Score History
You have not taken this quiz